| 000 | 00355cam a2200145ua 4500 | ||
|---|---|---|---|
| 041 |
_aeng _h |
||
| 082 |
_a828.09 _bGAR/AR |
||
| 100 | _aGardner, Helen . | ||
| 245 |
_aArt of T S Eliot / _cHelen Gardner. _hTextual Documents |
||
| 260 |
_aLondon : _bThe cresset press , _c1968. |
||
| 300 | _a185 ; . | ||
| 504 | _a | ||
| 942 | _cBK | ||
| 999 |
_c12841 _d12841 |
||